ICC (Cricket) World Cup Host Countries - Statistics

General Stats
  • This quiz has been taken 63 times
    37 since last reset
  • The average score is 22 of 29
Answer Stats
Answer % Correct
England
100%
India
100%
Pakistan
100%
Australia
93%
Bangladesh
93%
New Zealand
93%
South Africa
93%
Sri Lanka
93%
United States
89%
Wales
89%
Zimbabwe
85%
Ireland
81%
Kenya
81%
Namibia
81%
United Arab Emirates
81%
Antigua and Barbuda
78%
Barbados
78%
Scotland
78%
Jamaica
74%
Saint Kitts and Nevis
70%
Netherlands
67%
Saint Lucia
63%
Trinidad and Tobago
63%
Guyana
59%
Oman
59%
Saint Vincent and the Grenadines
59%
Nepal
56%
Grenada
44%
Malaysia
44%
No matching quizzes found
Score Distribution
Percent of People with Each Score
Percentile by Number Answered
Your Score History
You have not taken this quiz since the last reset